000 01266cam a22003497a 4500
003 CHAP
005 20220817043425.0
008 980317d199? mx a r 00110 spa d
010 _a75004
011 _a75976
035 _a85550
040 _cCHAP
090 _aFolleto 14945
100 0 0 _aLimón Limón, Arturo.
_966863
245 1 3 _aLa melina una alternativa para producir madera en Tabasco
_c/por Arturo Limón Limón
260 _aHuimanguillo, Tab. :
_bINIFAP. Centro de Investigaciones Forestales y Agropecuarias de Tabasco,
_c199?
300 _a12 p. :
_bilus.
410 2 1 _aINIFAP. Centro de Investigaciones Forestales y Agropecuarias de Tabasco
490 0 _aFolleto técnico
_v; 5
590 _aBATCH-UPD
_b10
_c20130110
_lUCH01
_h1944
590 _aBATCH-UPD
_b10
_c20130410
_lUCH01
_h1306
590 _aBATCH-UPD
_b10
_c20130914
_lUCH01
_h1424
590 _aCONVERSION
_b10
_c20130109
_lUCH01
_h1341
650 1 4 _aÁrboles
_xTabasco.
_96651
650 1 4 _aGmelina arborea.
_948343
810 0 0 _aINIFAP Centro de Investigaciones Forestales y Agropecuarias de Tabasco
830 0 _aFolleto técnico
_v; 5
_942067
901 _aBK
905 _aAlejandra Carrasco M.
942 _cFOLL
949 _aFolleto 14945
_bBC
_cFOLL
_d855501
_eTS1
_gI.c/e
_i85550
_sb
999 _c75004
_d75004